000 00795nam a2200265 a 4500
003 MX-MxUPN
005 20260424150155.0
007 ta
008 260326s2008 mx|a||||r ||| 000 0 spa d
020 _a9789682485176
040 _aMX-MxUPN
_bspa
041 0 _aspa
050 1 4 _aLB1645 M61
_bE833 2008
100 1 _aEscareño Soberanes, Fortino
_932543
100 1 _aLópez Escudero, Olga Leticia
_945404
245 1 0 _aMatemáticas 1
250 _aTercera edición
260 _aMéxico, D.F. ;
_bTrillas,
_c2008.
300 _a272 páginas :
_bilustraciones
500 _aDonación
650 4 _aMatemáticas
_xEstudio y enseñanza (Secundaria)
_94860
650 4 _aMatemáticas
_vLibros de texto
_919875
902 _aMarielOrtiz/260326
_bJohanaAllegre/240426
942 _2lcc
_cLIBRO
_n0
999 _c214898
_d214898